Normal view
MARC view
Entry Corporate Name
001 - CONTROL NUMBER
- control field: 8970
003 - CONTROL NUMBER IDENTIFIER
- control field: ARRUPE
005 - DATE AND TIME OF LATEST TRANSACTION
- control field: 20140226164013.0
008 - FIXED-LENGTH DATA ELEMENTS
- fixed length control field: 140226|| aca||aabn | a|a d
040 ## - CATALOGING SOURCE
- Original cataloging agency: ARRUPE
- Transcribing agency: ARRUPE
110 ## - HEADING--CORPORATE NAME
- Corporate name or jurisdiction name as entry element: Congregation of the Holy Ghost
- General subdivision: Missions
- Geographic subdivision: Africa, Eastern
- General subdivision: History
- Chronological subdivision: 19th century.
670 ## - SOURCE DATA FOUND
- Source citation: Work cat.: (ARRUPE)0: Kollman, Paul V. 8968, The evangelization of slaves and Catholic origins in eastern Africa /, c2005.